000 01208cam a2200373 i 4500
001 0000525
003 DO-SdBNP
005 20180209120319.0
007 0000525
008 100514s 2007 sp | |||| 000 f spa
015 _a
017 _a
_b
020 _a8495060205
035 _a
040 _aBPMSU
_bspa
_cBPMSU
_e
080 _a
082 4 _a843.8
_bV531cap
100 1 _aVerne, Julio,
_d1828-1905
240 _aUn capitaine de quinze ans (deuxieme patie)
_lEspañol
245 1 3 _aUn capitán de quince años
_b(segunda parte) /
_h
_cJulio Verne ; ilustraciónes Henri Meyer y Charles Barbant
260 _aPozuelo de Alarcón, Madrid :
_bEdiciones Rueda J. M.,
_c2007.
300 _a199 p.:
_bil.
_c25 cm
490 1 _aViajes extraordinarios
500 _aTítulo original en francés: Un capitaine de quinze ans (deuxieme patie).
650 4 _aNOVELA JUVENIL FRANCESA
650 4 _aLITERATURA JUVENIL FRANCESA
700 1 2 _aMeyer, Henri,
_eil.
700 1 2 _aBarbant, Charles,
_eil.
830 0 _aViajes extraordinarios
910 _aValidado. Control de calidad MFF
942 _2ddc
_cBK
945 _aInventariado extranjero / 2018 VM
956 _aYLOCKWARD
_810
_cBPMSU
999 _c10818
_d10818